000 00513nam a2200133Ia 4500
001 6654
008 260622s9999 xx 000 0 und d
245 0 _aExposure 10th/ Union of Arab Photographers
_bالطريق إلى إكسبوجر/ اتحاد اللمصورين العرب
300 _a155p;
_c26x35cm
520 _aPhotography festival featuring photographers primarily from GCC states, and some from Egypt.
546 _aArabic; English
650 _aTR624-835 Technology- Applied Photography
942 _cBK
999 _c6654
_d6654